| 000 | 00726nam a2200217Ia 4500 | ||
|---|---|---|---|
| 003 | GCL | ||
| 008 | 140319s9999 xx 000 0 ara d | ||
| 040 |
_aGCL / _cGCL |
||
| 082 | 0 | 4 |
_a157.7 _bا س |
| 100 | 1 | _aانيس فهمى اقلاديوس | |
| 245 | 1 | 0 |
_aالسينما والمسرح وامراض النفس / _cانيس فهمى اقلاديوس |
| 260 |
_a[S.N] : _bالهيئة المصرية العامة للكتاب ، _c1982 |
||
| 300 | _a275 ص | ||
| 490 | _a | ||
| 650 | 0 | 4 | _aالمسرح |
| 650 | 0 | 4 | _aالامراض النفسية |
| 650 | 0 | 4 | _aالامراض العقلية فى الاداب |
| 650 | 0 | 4 | _aالسينما والمسرح |
| 650 | 0 | 4 | _aالجوانب النفسية |
| 942 |
_2ddc _cBK |
||
| 999 |
_c55090 _d55090 |
||